Jump between all Capital Cities: Closest Capital South, with a Map - Statistics

General Stats
  • This quiz has been taken 549 times
  • The average score is 82 of 196
Answers on the Map
Answers color-coded by a green-red scale on the quiz's map according to % correct below.
 
Answer Stats
B D CAPITAL CITY % Correct
180º 2,887 Reykjavik
100%
143º 1,497 Dublin
83%
116º 463 London
82%
103º 321 Brussels
81%
137º 187 Luxembourg
80%
119º 435 Bern
79%
252º 287 Paris
79%
180º 357 Monaco
77%
116º 459 Vatican City
74%
103º 4 Rome
73%
199º 598 Tunis
72%
199º 357 Tripoli
69%
104º 403 Valletta
68%
100º 1,742 Cairo
67%
175º 1,612 Khartoum
66%
239º 558 Addis Ababa
64%
91º 687 Asmara
63%
132º 616 Djibouti
63%
113º 771 Dodoma
63%
167º 513 Kampala
63%
228º 376 Kigali
63%
214º 517 Harare
62%
239º 916 Juba
62%
170º 914 Maputo
62%
286º 2,330 Canberra
61%
193º 888 Lilongwe
61%
227º 489 Maseru
61%
254º 150 Mbabane
61%
266º 10,097 Wellington
61%
205º 176 Bujumbura
60%
265º 7,683 Montevideo
60%
44º 2,717 Port-Vila
59%
315º 1,289 Honiara
57%
38º 1,249 Yaren
56%
344º 661 Majuro
55%
72º 704 Tarawa
55%
278º 2,564 Astana
54%
276º 810 Beijing
54%
171º 355 Berlin
54%
116º 161 Budapest
54%
218º 523 Copenhagen
54%
82 Helsinki
54%
282º 2,279 Moscow
54%
165º 280 Prague
54%
326º 194 Pyongyang
54%
279º 844 Riga
54%
20º 1,480 Seoul
54%
256º 397 Stockholm
54%
280 Tallinn
54%
319º 1,17 Ulaanbaatar
54%
145º 252 Vienna
54%
231º 299 Zagreb
54%
190º 175 Amman
53%
138º 499 Athens
53%
126º 241 Beirut
53%
97º 55 Bratislava
53%
119º 84 Damascus
53%
253º 71 Jerusalem
53%
297º 1,683 Manila
53%
109º 917 Nicosia
53%
154º 172 Podgorica
53%
139º 288 Sarajevo
53%
1,157 Taipei
53%
159º 131 Tirana
53%
107º 301 Abu Dhabi
52%
137º 140 Doha
52%
102º 1,252 Kuwait City
52%
143º 433 Manama
52%
102º 440 Muscat
52%
238º 1,763 Sana'a
51%
263º 8,140 Buenos Aires
50%
270º 4,057 Melekeok
50%
175º 1,478 Mogadishu
50%
248º 1,017 Nairobi
50%
150º 920 Antananarivo
49%
148º 1,354 Moroni
49%
732 Ottawa
49%
97º 1,054 Port Louis
49%
258º 3,062 Pretoria
49%
1,534 Washington
49%
1,034 Asuncion
48%
32º 343 Belmopan
48%
42º 728 Bogota
48%
279º 361 Guatemala City
48%
45º 932 Havana
48%
301º 1,479 Lima
48%
315º 339 Managua
48%
67º 554 Nassau
48%
309º 772 Panama City
48%
352º 1,316 Quito
48%
281º 511 San Jose
48%
311º 1,048 Sucre
48%
334º 239 Tegucigalpa
48%
74º 5,615 Oslo
47%
203º 914 Amsterdam
46%
107º 400 Ljubljana
46%
150º 670 Vaduz
46%
214º 285 San Marino
45%
103º 988 Ankara
44%
101º 720 Pristina
44%
166º 985 Riyadh
43%
163º 78 Skopje
43%
125º 1,263 Baghdad
42%
163º 3,376 Victoria
41%
49º 3,007 Brasilia
40%
264º 9,107 Santiago
40%
287º 346 Georgetown
39%
248º 3,202 Lusaka
39%
341º 2,523 Paramaribo
39%
319º 565 Port-of-Spain
39%
350º 155 Saint George's
39%
193º 1,053 Gaborone
38%
24º 134 Kingstown
38%
271º 247 Port-au-Prince
38%
279º 780 Santo Domingo
38%
61º 494 Andorra la Vella
37%
14º 95 Castries
37%
76º 8,685 Lisbon
37%
344º 150 Roseau
37%
67º 503 Madrid
36%
272º 2,820 Mexico City
36%
346º 206 Saint John's
36%
281º 95 Basseterre
35%
69º 695 Chisinau
35%
17º 402 Kiev
35%
332º 433 Minsk
35%
300º 172 Vilnius
35%
80º 1,545 Belgrade
34%
156º 945 Bucharest
34%
225º 393 Warsaw
34%
229º 296 Sofia
33%
93º 1,775 Tbilisi
32%
129º 784 Tehran
32%
189º 170 Yerevan
32%
205º 517 Bangkok
31%
169º 423 Dhaka
31%
104º 368 Islamabad
31%
94º 1,621 Kabul
31%
97º 801 Kathmandu
31%
126º 736 Naypyidaw
31%
144º 690 New Delhi
31%
93º 427 Thimphu
31%
106º 709 Vientiane
31%
116º 537 Phnom Penh
30%
158º 894 Jakarta
29%
200º 997 Kuala Lumpur
29%
130º 315 Singapore
29%
97º 2,083 Dili
28%
92º 2,377 Port Moresby
28%
106º 3,508 Suva
28%
333º 7 Brazzaville
27%
24º 549 Kinshasa
27%
344º 1,573 Luanda
27%
116º 744 Nuku'alofa
27%
269º 14,991 Windhoek
27%
322º 726 Abuja
26%
308º 828 Libreville
26%
348º 378 Malabo
26%
310º 767 Niamey
26%
87º 303 Yaounde
26%
71º 946 Algiers
25%
265º 911 Ashgabat
24%
84º 4,055 Baku
24%
68º 479 Bishkek
24%
225º 687 Dushanbe
24%
284º 2,001 Nouakchott
24%
27º 1,985 Rabat
24%
86º 1,629 Tashkent
24%
157º 4,044 Male
20%
266º 7,438 Sao Tome
18%
265º 18,502 Apia
16%
151º 2,033 Bandar Seri Begawan
16%
300º 1,148 Funafuti
16%
243º 3,669 Hanoi
16%
329º 3,701 Tokyo
16%
272º 703 Bamako
15%
269º 10,683 Bangui
15%
306º 2,892 Palikir
15%
335º 939 N'Djamena
14%
270º 1,803 Ouagadougou
14%
275º 934 Banjul
12%
325º 166 Dakar
12%
272º 653 Praia
12%
273º 5,680 Kingston
11%
128º 1,353 Caracas
10%
92º 17,428 Colombo
10%
94º 1,176 Accra
9%
271º 4,781 Bridgetown
9%
91º 5,826 Conakry
9%
157º 126 Freetown
9%
67º 168 Lome
9%
132º 361 Monrovia
9%
75º 158 Porto-Novo
9%
271º 3,201 San Salvador
9%
272º 872 Yamoussoukro
9%
296º 1,263 Bissau
8%
No matching quizzes found
Score Distribution
Percent of People with Each Score
Percentile by Number Answered
Your Score History
You have not taken this quiz